[Event "MSRCH16"]
[Site "?"]
[Date "2026.04.15"]
[Round "7.12"]
[White "Hudak, Michal"]
[Black "Kosut, Simon"]
[Result "1-0"]
[BlackElo "1603"]
[WhiteElo "1804"]
[LiveChessVersion "1.4.8"]

1. d4 Nf6 {[%clk 1:30:53]} 2. Nf3 {[%clk 1:31:13]} d5 {[%clk 1:31:19]} 3. e3
{[%clk 1:31:31]} c5 {[%clk 1:31:37]} 4. c3 {[%clk 1:31:46]} e6 {[%clk 1:31:23]}
5. Bd3 {[%clk 1:32:08]} Nc6 {[%clk 1:29:32]} 6. Nbd2 {[%clk 1:32:26]} c4
{[%clk 1:29:27]} 7. Bc2 {[%clk 1:32:17]} Bd7 {[%clk 1:24:45]} 8. O-O
{[%clk 1:31:41]} Bd6 {[%clk 1:23:47]} 9. e4 {[%clk 1:31:05]} Bc7 {[%clk 1:20:46]}
10. Re1 {[%clk 1:21:11]} O-O {[%clk 1:20:35]} 11. e5 {[%clk 1:20:47]} Ne8
{[%clk 1:20:19]} 12. Nf1 {[%clk 1:18:58]} g6 {[%clk 1:15:03]} 13. Ne3
{[%clk 1:02:31]} Qc8 {[%clk 1:12:48]} 14. Ng4 {[%clk 0:57:22]} Ng7
{[%clk 1:09:45]} 15. Ng5 {[%clk 0:47:32]} Be8 {[%clk 1:08:20]} 16. Nf6+
{[%clk 0:45:29]} Kh8 {[%clk 1:07:33]} 17. Ngxh7 {[%clk 0:45:21]} Rg8
{[%clk 1:06:31]} 18. Qg4 {[%clk 0:43:56]} Bd8 {[%clk 1:06:08]} 19. Qg5
{[%clk 0:42:52]} Nh5 {[%clk 1:02:15]} 20. Qh6 {[%clk 0:42:53]} 1-0

[Event "MSRCH16"]
[Site "?"]
[Date "2026.04.15"]
[Round "7.13"]
[White "Simonov, Tobias"]
[Black "Mizanin, Matej"]
[Result "1/2-1/2"]
[BlackElo "1745"]
[WhiteElo "1708"]
[LiveChessVersion "1.4.8"]

1. e4 c5 2. Nf3 a6 3. Nc3 b5 4. a3 Bb7 5. d3 e6 6. Be3 d5 7. exd5 exd5 8. d4 c4
9. g3 Nf6 10. Bg2 Bd6 11. O-O O-O 12. Re1 Nbd7 13. Qd2 h6 14. Bxh6 gxh6 15. Qxh6
Re8 16. Ng5 Rxe1+ 17. Rxe1 Qf8 18. Qh4 Qg7 19. Re3 Nf8 20. Nh3 b4 21. axb4 Bxb4
22. Nf4 Ng6 23. Nxg6 Qxg6 24. Re5 Nh7 25. Nxd5 Bxd5 26. Bxd5 Rf8 27. Be4 f5 28.
Bd5+ Kg7 29. Re6 Qg5 30. Qxg5+ Nxg5 31. Rxa6 Rd8 32. Bxc4 Rxd4 33. Bd3 f4 34.
gxf4 Nh3+ 35. Kg2 Ng5 1/2-1/2

[Event "MSRCH16"]
[Site "?"]
[Date "2026.04.15"]
[Round "7.14"]
[White "Binovec, Lukas"]
[Black "Kis, Arnold"]
[Result "1-0"]
[BlackElo "1619"]
[WhiteElo "1858"]
[LiveChessVersion "1.4.8"]

1. g3 {[%clk 1:30:59]} e5 {[%clk 1:29:25]} 2. Nf3 {[%clk 1:31:23]} Nc6
{[%clk 1:29:45]} 3. d3 {[%clk 1:31:16]} d5 {[%clk 1:18:56]} 4. Bg2
{[%clk 1:29:49]} Be6 {[%clk 1:19:05]} 5. O-O {[%clk 1:25:23]} h6 {[%clk 1:17:02]}
6. e4 {[%clk 1:16:50]} dxe4 {[%clk 1:04:49]} 7. dxe4 {[%clk 1:17:13]} Nf6
{[%clk 1:05:09]} 8. Nc3 {[%clk 1:17:09]} Bc5 {[%clk 1:04:57]} 9. Qe2
{[%clk 1:12:51]} Bg4 {[%clk 0:38:39]} 10. Qb5 {[%clk 0:54:12]} Bxf3
{[%clk 0:28:50]} 11. Bxf3 {[%clk 0:54:09]} Bb6 {[%clk 0:26:17]} 12. Rd1
{[%clk 0:48:16]} Qe7 {[%clk 0:25:21]} 13. Nd5 {[%clk 0:46:22]} Qe6
{[%clk 0:22:26]} 14. Be3 {[%clk 0:42:13]} O-O-O {[%clk 0:20:17]} 15. Bxb6
{[%clk 0:37:35]} axb6 {[%clk 0:20:31]} 16. c3 {[%clk 0:36:44]} g5
{[%clk 0:19:01]} 17. a4 {[%clk 0:23:51]} g4 {[%clk 0:13:21]} 18. Bg2
{[%clk 0:21:29]} Nd7 {[%clk 0:12:19]} 19. b4 {[%clk 0:16:07]} Ndb8
{[%clk 0:06:20]} 20. a5 {[%clk 0:14:15]} Na7 {[%clk 0:04:48]} 21. Qc4
{[%clk 0:13:55]} Na6 {[%clk 0:01:56]} 22. axb6 {[%clk 0:13:32]} Nc6
{[%clk 0:00:49]} 23. b5 {[%clk 0:10:09]} Nab8 {[%clk 0:00:48]} 24. bxc6
{[%clk 0:10:24]} Nxc6 {[%clk 0:01:12]} 25. Ra8+ {[%clk 0:09:57]} 1-0

[Event "MSRCH16"]
[Site "?"]
[Date "2026.04.15"]
[Round "7.15"]
[White "Vavra, Martin"]
[Black "Sykora, Miro"]
[Result "1-0"]
[BlackElo "1671"]
[WhiteElo "1798"]
[LiveChessVersion "1.4.8"]

1. e4 {[%clk 1:30:57]} c6 {[%clk 1:30:56]} 2. d4 {[%clk 1:31:21]} d5
{[%clk 1:31:25]} 3. e5 {[%clk 1:31:46]} c5 {[%clk 1:31:49]} 4. dxc5
{[%clk 1:32:11]} e6 {[%clk 1:32:12]} 5. Be3 {[%clk 1:32:34]} Nd7 {[%clk 1:32:37]}
6. Bb5 {[%clk 1:32:43]} Ne7 {[%clk 1:32:53]} 7. Bd4 {[%clk 1:32:26]} Nc6
{[%clk 1:32:49]} 8. Bxc6 {[%clk 1:32:49]} bxc6 {[%clk 1:33:18]} 9. b4
{[%clk 1:33:03]} f6 {[%clk 1:32:07]} 10. Nf3 {[%clk 1:25:20]} Qc7
{[%clk 1:25:48]} 11. Qe2 {[%clk 1:08:10]} a5 {[%clk 1:18:27]} 12. exf6
{[%clk 1:03:01]} Nxf6 {[%clk 1:18:35]} 13. Ng5 {[%clk 0:48:48]} Qd7
{[%clk 1:15:43]} 14. Bxf6 {[%clk 0:47:38]} gxf6 {[%clk 1:13:04]} 15. Qh5+
{[%clk 0:47:30]} Ke7 {[%clk 1:12:33]} 16. Qf7+ {[%clk 0:47:52]} 1-0

[Event "MSRCH16"]
[Site "?"]
[Date "2026.04.15"]
[Round "7.16"]
[White "Klenko, David"]
[Black "Kriscak, Simon"]
[Result "1-0"]
[BlackElo "1773"]
[WhiteElo "1783"]
[LiveChessVersion "1.4.8"]

1. e4 {[%clk 1:30:57]} c5 {[%clk 1:30:56]} 2. c3 {[%clk 1:31:21]} Nf6
{[%clk 1:31:21]} 3. e5 {[%clk 1:31:46]} Nd5 {[%clk 1:31:47]} 4. Nf3
{[%clk 1:31:38]} Nc6 {[%clk 1:32:04]} 5. d4 {[%clk 1:31:27]} cxd4
{[%clk 1:32:27]} 6. cxd4 {[%clk 1:31:52]} d6 {[%clk 1:32:47]} 7. Bc4
{[%clk 1:30:45]} Nb6 {[%clk 1:32:55]} 8. Bxf7+ {[%clk 1:24:51]} Kxf7
{[%clk 1:32:59]} 9. e6+ {[%clk 1:24:27]} Kg8 {[%clk 1:33:16]} 10. Ng5
{[%clk 1:23:21]} Qe8 {[%clk 1:25:09]} 11. d5 {[%clk 1:03:26]} Ne5
{[%clk 1:14:56]} 12. f4 {[%clk 1:00:09]} h6 {[%clk 1:12:12]} 13. fxe5
{[%clk 0:57:23]} hxg5 {[%clk 1:12:33]} 14. exd6 {[%clk 0:57:46]} exd6
{[%clk 1:12:26]} 15. Bxg5 {[%clk 0:58:04]} Be7 {[%clk 1:11:13]} 16. Bf4
{[%clk 0:52:10]} Qh5 {[%clk 1:10:02]} 17. Nc3 {[%clk 0:50:19]} Nc4
{[%clk 0:54:56]} 18. Qd4 {[%clk 0:40:10]} Ne5 {[%clk 0:53:16]} 19. Bxe5
{[%clk 0:39:53]} dxe5 {[%clk 0:52:18]} 20. Qe4 {[%clk 0:38:36]} Bh4+
{[%clk 0:51:29]} 21. Kd2 {[%clk 0:37:44]} Rh6 {[%clk 0:37:40]} 22. Raf1
{[%clk 0:29:11]} Bxe6 {[%clk 0:28:09]} 23. dxe6 {[%clk 0:29:19]} Rxe6
{[%clk 0:28:23]} 24. Qxb7 {[%clk 0:29:10]} Rd8+ {[%clk 0:27:30]} 25. Kc2
{[%clk 0:27:09]} Red6 {[%clk 0:23:31]} 26. g4 {[%clk 0:17:29]} Qg6+
{[%clk 0:14:45]} 27. Rf5 {[%clk 0:17:23]} Qxg4 {[%clk 0:13:27]} 28. Qf7+
{[%clk 0:09:36]} Kh7 {[%clk 0:10:24]} 29. Qh5+ {[%clk 0:09:47]} Qxh5
{[%clk 0:10:48]} 30. Rxh5+ {[%clk 0:10:13]} Rh6 {[%clk 0:11:13]} 31. Rxe5
{[%clk 0:10:37]} Bf6 {[%clk 0:11:10]} 32. Re2 {[%clk 0:08:29]} Rc8
{[%clk 0:10:16]} 33. Rd1 {[%clk 0:07:24]} Rc7 {[%clk 0:09:06]} 34. a3
{[%clk 0:05:55]} Rh3 {[%clk 0:08:29]} 35. Rd3 {[%clk 0:05:52]} Rh5
{[%clk 0:07:56]} 36. Kd1 {[%clk 0:04:05]} Rhc5 {[%clk 0:07:02]} 37. Ree3
{[%clk 0:02:56]} Kg6 {[%clk 0:06:32]} 38. Kc2 {[%clk 0:02:45]} Rf5
{[%clk 0:06:25]} 39. Re2 {[%clk 0:01:57]} Rfc5 {[%clk 0:06:13]} 40. Rg2+
{[%clk 0:01:10]} Kf7 {[%clk 0:05:10]} 41. Rgg3 {[%clk 0:01:04]} Re7
{[%clk 0:04:18]} 42. Rge3 {[%clk 0:00:51]} Rec7 {[%clk 0:03:45]} 43. b4
{[%clk 0:30:26]} Rf5 {[%clk 0:32:24]} 44. Kb3 {[%clk 0:29:50]} a5
{[%clk 0:32:21]} 45. Nd5 {[%clk 0:28:28]} Rb7 {[%clk 0:32:01]} 46. Nxf6
{[%clk 0:28:21]} gxf6 {[%clk 0:27:17]} 47. Rf3 {[%clk 0:25:47]} Rh5
{[%clk 0:26:34]} 48. Rh3 {[%clk 0:25:41]} Rxh3 {[%clk 0:26:22]} 49. Rxh3
{[%clk 0:26:10]} Kg6 {[%clk 0:26:16]} 50. Ka4 {[%clk 0:25:59]} axb4
{[%clk 0:26:28]} 51. axb4 {[%clk 0:26:27]} Kg5 {[%clk 0:24:54]} 52. Ka5
{[%clk 0:25:24]} Kg4 {[%clk 0:22:53]} 53. Rg3+ {[%clk 0:23:10]} Kh4
{[%clk 0:22:13]} 54. b5 {[%clk 0:22:10]} Ra7+ {[%clk 0:16:08]} 55. Kb6
{[%clk 0:22:12]} Ra2 {[%clk 0:16:29]} 56. Rf3 {[%clk 0:20:36]} Kg5
{[%clk 0:13:39]} 57. h3 {[%clk 0:18:40]} f5 {[%clk 0:13:00]} 58. Kb7
{[%clk 0:18:40]} f4 {[%clk 0:13:00]} 59. b6 Kf5 {[%clk 0:13:35]} 60. Kc8
{[%clk 0:16:06]} Ke4 61. Rc3 {[%clk 0:11:46]} f3 {[%clk 0:13:15]} 62. b7
{[%clk 0:11:55]} f2 {[%clk 0:10:18]} 63. Rc1 {[%clk 0:11:55]} Rb2
{[%clk 0:10:18]} 64. b8=Q {[%clk 0:12:14]} Rxb8+ {[%clk 0:09:49]} 65. Kxb8
{[%clk 0:12:42]} Kf3 {[%clk 0:10:23]} 66. h4 {[%clk 0:13:32]} Kg4
{[%clk 0:10:23]} 67. Rf1 {[%clk 0:13:32]} 1-0

[Event "MSRCH16"]
[Site "?"]
[Date "2026.04.15"]
[Round "7.17"]
[White "Nevicky, Nikola"]
[Black "Stolar, Matus"]
[Result "1/2-1/2"]
[BlackElo "1688"]
[WhiteElo "1974"]
[LiveChessVersion "1.4.8"]

1. c4 {[%clk 1:30:57]} e5 {[%clk 1:30:55]} 2. g3 {[%clk 1:31:23]} c6
{[%clk 1:31:07]} 3. d4 {[%clk 1:31:33]} Bb4+ {[%clk 1:30:01]} 4. Nc3
{[%clk 1:31:09]} Bxc3+ {[%clk 1:25:43]} 5. bxc3 {[%clk 1:31:30]} e4
{[%clk 1:26:07]} 6. d5 {[%clk 1:31:31]} d6 {[%clk 1:22:02]} 7. Bg2
{[%clk 1:31:16]} Nf6 {[%clk 1:19:11]} 8. e3 {[%clk 1:29:04]} O-O {[%clk 1:09:38]}
9. Ba3 {[%clk 1:27:04]} cxd5 {[%clk 1:00:51]} 10. cxd5 {[%clk 1:25:41]} Qa5
{[%clk 0:53:30]} 11. Bb4 {[%clk 1:25:09]} Qxd5 {[%clk 0:50:55]} 12. Qxd5
{[%clk 1:25:05]} Nxd5 {[%clk 0:51:18]} 13. Bxe4 {[%clk 1:25:22]} Nxb4
{[%clk 0:51:06]} 14. cxb4 {[%clk 1:25:42]} Re8 {[%clk 0:47:47]} 15. Rc1
{[%clk 1:25:32]} Na6 {[%clk 0:38:09]} 16. Rc4 {[%clk 1:21:48]} Be6
{[%clk 0:36:32]} 17. Rd4 {[%clk 1:21:23]} d5 {[%clk 0:27:11]} 18. Bd3
{[%clk 1:13:43]} Nb8 {[%clk 0:24:54]} 19. b5 {[%clk 1:12:45]} a6 {[%clk 0:24:36]}
20. Ne2 {[%clk 1:11:59]} axb5 {[%clk 0:23:51]} 21. Bxb5 {[%clk 1:11:49]} Rc8
{[%clk 0:23:42]} 22. a4 {[%clk 1:09:29]} Nc6 {[%clk 0:22:51]} 23. Rd1
{[%clk 1:08:45]} Na7 {[%clk 0:21:04]} 24. O-O {[%clk 1:08:02]} Nxb5
{[%clk 0:18:55]} 25. axb5 {[%clk 1:08:25]} Ra2 {[%clk 0:15:16]} 26. Nd4
{[%clk 1:06:08]} Rb2 {[%clk 0:15:18]} 27. Rc1 {[%clk 1:03:21]} Rc4
{[%clk 0:10:44]} 28. Ra1 {[%clk 1:02:29]} g6 {[%clk 0:06:29]} 29. Rfb1
{[%clk 0:55:18]} Rxb1+ {[%clk 0:04:34]} 30. Rxb1 {[%clk 0:55:27]} Rc7
{[%clk 0:04:32]} 31. Kf1 {[%clk 0:54:22]} Bd7 {[%clk 0:03:59]} 32. Ke2
{[%clk 0:54:15]} Kf8 {[%clk 0:03:46]} 33. Kd2 {[%clk 0:54:27]} Ke7
{[%clk 0:03:01]} 34. Rb3 {[%clk 0:52:36]} Kd6 {[%clk 0:02:53]} 35. h4
{[%clk 0:51:44]} h5 {[%clk 0:03:13]} 36. Kd3 {[%clk 0:51:52]} Rc5
{[%clk 0:02:22]} 37. Rb2 {[%clk 0:46:34]} b6 38. f3 {[%clk 0:45:37]} f6
{[%clk 0:02:02]} 39. Rb4 {[%clk 0:44:03]} f5 {[%clk 0:02:14]} 40. f4
{[%clk 0:43:30]} Be8 {[%clk 0:01:52]} 41. Kd2 {[%clk 0:42:08]} Bd7
{[%clk 0:01:32]} 42. Rb3 {[%clk 0:29:28]} Be8 {[%clk 0:00:35]} 43. Kd3
{[%clk 0:24:34]} Bd7 {[%clk 0:30:01]} 44. Rb4 {[%clk 0:54:52]} Be8
{[%clk 0:27:58]} 45. Nf3 {[%clk 0:48:25]} Rxb5 {[%clk 0:23:23]} 46. Rxb5
{[%clk 0:48:33]} Bxb5+ {[%clk 0:23:47]} 47. Kd4 {[%clk 0:48:55]} Be8
{[%clk 0:23:47]} 48. Ne5 {[%clk 0:48:56]} Ke6 {[%clk 0:21:25]} 49. Nd3
{[%clk 0:48:11]} Kd6 {[%clk 0:20:51]} 50. Nb4 {[%clk 0:47:53]} Bc6
{[%clk 0:20:43]} 51. Nc2 {[%clk 0:47:47]} Ba4 {[%clk 0:20:07]} 52. Ne1
{[%clk 0:47:39]} Be8 {[%clk 0:19:13]} 53. Nf3 {[%clk 0:47:41]} b5
{[%clk 0:17:46]} 54. Ne5 {[%clk 0:47:20]} b4 {[%clk 0:17:30]} 55. Nd3
{[%clk 0:21:20]} b3 {[%clk 0:17:40]} 56. Kc3 {[%clk 0:21:40]} Bb5
{[%clk 0:14:42]} 57. Ne5 {[%clk 0:21:31]} d4+ {[%clk 0:09:37]} 58. Kxb3
{[%clk 0:20:57]} dxe3 {[%clk 0:09:12]} 59. Kc3 {[%clk 0:20:47]} Kd5
{[%clk 0:08:54]} 60. Nf3 {[%clk 0:09:03]} Ke4 {[%clk 0:05:24]} 61. Ng5+
{[%clk 0:08:22]} Kd5 {[%clk 0:05:45]} 62. Nf3 {[%clk 0:08:37]} Bf1
{[%clk 0:05:24]} 63. Ng1 {[%clk 0:07:27]} Ke4 {[%clk 0:04:57]} 64. Kc2
{[%clk 0:07:04]} Bd3+ {[%clk 0:04:08]} 65. Kd1 {[%clk 0:03:47]} Bb5
{[%clk 0:04:17]} 66. Ke1 {[%clk 0:03:32]} Bc4 {[%clk 0:04:14]} 67. Kd1
{[%clk 0:02:52]} Kd3 {[%clk 0:03:50]} 68. Ke1 {[%clk 0:02:45]} Bb5
{[%clk 0:04:05]} 69. Nf3 {[%clk 0:02:32]} Ba6 {[%clk 0:03:04]} 70. Ne5+
{[%clk 0:01:48]} Ke4 {[%clk 0:03:23]} 71. Kd1 {[%clk 0:01:36]} e2+
{[%clk 0:02:14]} 72. Kd2 {[%clk 0:01:54]} Bb5 {[%clk 0:02:28]} 73. Ke1
{[%clk 0:01:48]} Ke3 {[%clk 0:02:44]} 74. Nxg6 {[%clk 0:01:41]} Kf3
{[%clk 0:02:59]} 75. Ne7 {[%clk 0:01:49]} Kxg3 {[%clk 0:01:43]} 76. Nxf5+
{[%clk 0:02:08]} Kxf4 {[%clk 0:01:59]} 77. Nd4 {[%clk 0:02:22]} Ba6
{[%clk 0:01:21]} 78. Nxe2+ {[%clk 0:02:37]} Ke5 1/2-1/2

[Event "MSRCH16"]
[Site "?"]
[Date "2026.04.15"]
[Round "7.18"]
[White "Lukianov, Mykhailo"]
[Black "Tirko, Martin"]
[Result "0-1"]
[BlackElo "1766"]
[WhiteElo "1652"]
[LiveChessVersion "1.4.8"]

1. d4 {[%clk 1:30:21]} d5 {[%clk 1:30:47]} 2. Nf3 {[%clk 1:30:46]} Nf6
{[%clk 1:30:53]} 3. g3 {[%clk 1:31:07]} Bf5 {[%clk 1:31:07]} 4. Bg2
{[%clk 1:31:25]} e6 {[%clk 1:31:21]} 5. c4 {[%clk 1:31:46]} c6 {[%clk 1:31:42]}
6. Nc3 {[%clk 1:31:50]} Be7 {[%clk 1:32:03]} 7. O-O {[%clk 1:31:57]} O-O
{[%clk 1:31:53]} 8. cxd5 {[%clk 1:29:35]} exd5 {[%clk 1:32:14]} 9. Bf4
{[%clk 1:26:38]} Nbd7 {[%clk 1:26:30]} 10. a3 {[%clk 1:24:54]} Nb6
{[%clk 1:26:14]} 11. Nd2 {[%clk 1:19:37]} Re8 {[%clk 1:24:28]} 12. Re1
{[%clk 1:10:36]} Nh5 {[%clk 1:20:08]} 13. Be3 {[%clk 0:56:26]} Bd6
{[%clk 1:19:18]} 14. Bf3 {[%clk 0:54:40]} Bg6 {[%clk 1:18:49]} 15. Na4
{[%clk 0:46:14]} h6 {[%clk 1:13:08]} 16. Nxb6 {[%clk 0:34:39]} Qxb6
{[%clk 1:12:28]} 17. Nb3 {[%clk 0:33:33]} Nf6 {[%clk 1:11:51]} 18. Bd2
{[%clk 0:33:13]} a5 {[%clk 0:57:21]} 19. Bc3 {[%clk 0:23:37]} Ne4
{[%clk 0:53:35]} 20. Bxe4 {[%clk 0:22:24]} Bxe4 {[%clk 0:53:15]} 21. Nd2
{[%clk 0:22:21]} Bg6 {[%clk 0:53:09]} 22. Nf3 {[%clk 0:17:18]} Qc7
{[%clk 0:49:19]} 23. Qd2 {[%clk 0:14:02]} f6 {[%clk 0:46:22]} 24. Rec1
{[%clk 0:11:40]} Qb6 {[%clk 0:40:56]} 25. e3 {[%clk 0:11:05]} Be4
{[%clk 0:40:00]} 26. Ne1 {[%clk 0:11:29]} h5 {[%clk 0:40:01]} 27. Ng2
{[%clk 0:10:56]} Kf7 {[%clk 0:24:02]} 28. Qe2 {[%clk 0:05:36]} Rh8
{[%clk 0:24:13]} 29. h4 {[%clk 0:05:09]} Qc7 {[%clk 0:18:13]} 30. f3
{[%clk 0:02:27]} Bg6 {[%clk 0:18:31]} 31. f4 {[%clk 0:02:53]} Qd7
{[%clk 0:17:35]} 32. Kf2 {[%clk 0:02:25]} Bf5 {[%clk 0:17:31]} 33. b4
{[%clk 0:01:47]} Be4 {[%clk 0:15:14]} 34. bxa5 {[%clk 0:01:16]} Bc7
{[%clk 0:15:16]} 35. Ra2 {[%clk 0:00:36]} Bxa5 {[%clk 0:15:08]} 36. Bxa5
{[%clk 0:00:54]} Rxa5 {[%clk 0:15:33]} 37. Ne1 {[%clk 0:00:44]} Qh3
{[%clk 0:14:59]} 38. Nf3 {[%clk 0:01:07]} Rha8 {[%clk 0:13:47]} 39. Rca1
{[%clk 0:00:56]} Ra4 {[%clk 0:12:25]} 40. Qd1 {[%clk 0:00:35]} b5
{[%clk 0:12:14]} 41. Qe2 {[%clk 0:00:34]} g6 {[%clk 0:07:28]} 42. Qb2
{[%clk 0:24:29]} Rc4 {[%clk 0:32:13]} 43. Rc1 {[%clk 0:23:18]} Raa4
{[%clk 0:32:37]} 44. Raa1 {[%clk 0:22:47]} Qg4 {[%clk 0:20:24]} 45. Ng1
{[%clk 0:22:41]} Qd7 {[%clk 0:18:36]} 46. Rxc4 {[%clk 0:22:04]} Rxc4
{[%clk 0:18:58]} 47. Rc1 {[%clk 0:22:29]} Ra4 {[%clk 0:14:53]} 48. Qc3
{[%clk 0:21:13]} Qd6 {[%clk 0:10:05]} 49. Qxc6 {[%clk 0:20:35]} Qxc6
{[%clk 0:10:29]} 50. Rxc6 {[%clk 0:20:57]} Rxa3 {[%clk 0:10:57]} 51. Rb6
{[%clk 0:19:20]} Ra2+ {[%clk 0:11:21]} 52. Ke1 {[%clk 0:19:17]} Rb2
{[%clk 0:09:05]} 53. Ne2 {[%clk 0:19:13]} b4 {[%clk 0:09:16]} 54. Nc1
{[%clk 0:13:49]} Bc2 {[%clk 0:06:02]} 55. Kd2 {[%clk 0:11:33]} Bb3+
{[%clk 0:06:26]} 56. Ke1 {[%clk 0:11:31]} Bc4 {[%clk 0:06:54]} 57. Kd1
{[%clk 0:10:36]} b3 {[%clk 0:07:02]} 58. Ke1 {[%clk 0:09:26]} Rb1
{[%clk 0:06:27]} 59. Kd2 {[%clk 0:09:49]} Rb2+ {[%clk 0:05:42]} 60. Kd1
{[%clk 0:09:51]} Rb1 {[%clk 0:05:10]} 61. Kd2 {[%clk 0:09:10]} b2
{[%clk 0:05:27]} 62. Nd3 {[%clk 0:08:39]} Bxd3 {[%clk 0:05:41]} 63. Kxd3
{[%clk 0:09:00]} Rd1+ {[%clk 0:04:06]} 64. Kc2 {[%clk 0:09:16]} Re1
{[%clk 0:04:28]} 65. Rxb2 {[%clk 0:07:27]} Rxe3 66. Rb3 {[%clk 0:06:43]} Re7
{[%clk 0:04:29]} 67. Kd2 {[%clk 0:06:54]} Ra7 {[%clk 0:03:44]} 68. Ke2
{[%clk 0:06:37]} Ke6 {[%clk 0:03:55]} 69. Kf3 {[%clk 0:06:40]} Kf5
{[%clk 0:04:18]} 70. Rc3 {[%clk 0:06:38]} Ra4 {[%clk 0:04:17]} 71. Rd3
{[%clk 0:06:57]} Rb4 {[%clk 0:04:38]} 72. Ke3 {[%clk 0:05:30]} Kg4
{[%clk 0:04:57]} 73. Ke2 {[%clk 0:05:32]} Rb2+ {[%clk 0:04:50]} 74. Kf1
{[%clk 0:05:55]} Kf5 {[%clk 0:04:55]} 75. Rd1 {[%clk 0:00:42]} Ke4
{[%clk 0:04:55]} 76. Kg1 {[%clk 0:01:03]} Re2 {[%clk 0:04:15]} 77. Kf1
{[%clk 0:00:57]} Re3 {[%clk 0:04:26]} 78. Kf2 {[%clk 0:01:14]} Rc3
{[%clk 0:02:09]} 79. Re1+ {[%clk 0:00:59]} Kf5 {[%clk 0:02:11]} 80. Re3
{[%clk 0:01:02]} Rc2+ {[%clk 0:02:27]} 81. Ke1 {[%clk 0:00:35]} Rc4
{[%clk 0:02:50]} 82. Rd3 {[%clk 0:00:34]} Ke4 {[%clk 0:03:08]} 83. Rd2
{[%clk 0:00:42]} Rxd4 {[%clk 0:03:23]} 84. Re2+ {[%clk 0:01:00]} Kf5
{[%clk 0:03:48]} 85. Kf2 {[%clk 0:01:23]} Rd3 {[%clk 0:04:09]} 86. Rc2
{[%clk 0:01:29]} Ra3 {[%clk 0:02:13]} 87. Rd2 {[%clk 0:01:47]} Kg4
{[%clk 0:01:40]} 88. Rxd5 {[%clk 0:01:06]} Rxg3 {[%clk 0:02:07]} 89. Rd6
{[%clk 0:01:18]} Rf3+ {[%clk 0:02:35]} 0-1

[Event "MSRCH16"]
[Site "?"]
[Date "2026.04.15"]
[Round "7.19"]
[White "Toth, Peter"]
[Black "Slivka, Martin"]
[Result "1-0"]
[BlackElo "1657"]
[WhiteElo "1756"]
[LiveChessVersion "1.4.8"]

1. e4 {[%clk 1:30:59]} e6 {[%clk 1:30:56]} 2. d4 {[%clk 1:31:25]} d5
{[%clk 1:31:23]} 3. Nd2 {[%clk 1:31:53]} dxe4 {[%clk 1:30:38]} 4. Nxe4
{[%clk 1:32:19]} Nf6 {[%clk 1:30:53]} 5. Nxf6+ {[%clk 1:29:40]} Qxf6
{[%clk 1:31:00]} 6. Nf3 {[%clk 1:29:11]} Nc6 {[%clk 1:23:39]} 7. c3
{[%clk 1:28:45]} Bd6 {[%clk 1:19:44]} 8. Bg5 {[%clk 1:23:12]} Qg6
{[%clk 1:18:32]} 9. Bd3 {[%clk 1:22:39]} Qh5 {[%clk 1:09:18]} 10. Qe2
{[%clk 1:03:33]} f6 {[%clk 0:58:48]} 11. Be3 {[%clk 0:58:29]} Bd7
{[%clk 0:54:06]} 12. h3 {[%clk 0:48:30]} e5 {[%clk 0:37:24]} 13. dxe5
{[%clk 0:24:46]} Nxe5 {[%clk 0:30:09]} 14. Nxe5 {[%clk 0:24:31]} Qxe2+
{[%clk 0:30:31]} 15. Bxe2 {[%clk 0:24:51]} Bxe5 {[%clk 0:30:51]} 16. O-O
{[%clk 0:24:41]} O-O-O {[%clk 0:25:38]} 17. Bxa7 {[%clk 0:24:55]} Rde8
{[%clk 0:23:31]} 18. Be3 {[%clk 0:24:37]} Bf4 {[%clk 0:20:55]} 19. Bxf4
{[%clk 0:24:22]} Rxe2 {[%clk 0:21:19]} 20. b3 {[%clk 0:24:23]} Rhe8
{[%clk 0:20:53]} 21. Be3 {[%clk 0:24:30]} Bf5 {[%clk 0:16:55]} 22. c4
{[%clk 0:22:51]} Kd7 {[%clk 0:12:54]} 23. Rfd1+ {[%clk 0:21:56]} Kc6
{[%clk 0:12:33]} 24. b4 {[%clk 0:22:00]} b6 {[%clk 0:12:05]} 25. c5
{[%clk 0:19:24]} Rb2 26. a3 {[%clk 0:17:46]} Ra8 {[%clk 0:07:05]} 27. Rdc1
{[%clk 0:17:00]} Kb7 {[%clk 0:02:00]} 28. cxb6 {[%clk 0:14:59]} cxb6
{[%clk 0:02:26]} 29. Rc3 {[%clk 0:15:11]} Rxb4 {[%clk 0:02:03]} 30. Rac1
{[%clk 0:15:23]} Rb1 {[%clk 0:00:33]} 31. Rxb1 {[%clk 0:14:48]} Bxb1
{[%clk 0:00:59]} 32. Rb3 {[%clk 0:15:09]} Bf5 {[%clk 0:00:37]} 33. Rxb6+
{[%clk 0:15:05]} Kc7 {[%clk 0:01:06]} 34. Rb3 {[%clk 0:14:57]} Kc6
{[%clk 0:00:35]} 35. g4 {[%clk 0:14:46]} Be6 {[%clk 0:00:34]} 36. Rc3+
{[%clk 0:14:31]} Kd7 {[%clk 0:00:33]} 37. Kg2 {[%clk 0:14:22]} Bd5+
{[%clk 0:00:36]} 38. Kg3 {[%clk 0:14:39]} g5 {[%clk 0:00:33]} 39. Bd4
{[%clk 0:14:29]} Ra6 {[%clk 0:00:32]} 40. f4 {[%clk 0:13:24]} Ke7
{[%clk 0:00:32]} 41. Bc5+ {[%clk 0:11:58]} Kf7 {[%clk 0:24:36]} 42. Bb4
{[%clk 0:41:29]} gxf4+ {[%clk 0:14:31]} 43. Kxf4 {[%clk 0:41:47]} Kg6
{[%clk 0:14:37]} 44. Rc7 {[%clk 0:40:22]} Rc6 {[%clk 0:13:09]} 45. Rd7
{[%clk 0:39:12]} Be6 {[%clk 0:08:16]} 46. Rd4 {[%clk 0:29:35]} Rc4
{[%clk 0:07:43]} 47. Rxc4 {[%clk 0:29:58]} Bxc4 {[%clk 0:08:12]} 48. h4
{[%clk 0:30:22]} h5 {[%clk 0:05:19]} 49. gxh5+ {[%clk 0:29:51]} Kxh5
{[%clk 0:05:32]} 50. Be1 {[%clk 0:30:18]} Bd3 {[%clk 0:05:08]} 51. Ke3
{[%clk 0:30:26]} Bc2 {[%clk 0:05:18]} 52. Kd2 {[%clk 0:30:48]} Be4
{[%clk 0:05:34]} 53. Kc3 {[%clk 0:31:10]} Kg4 {[%clk 0:04:03]} 54. a4
{[%clk 0:31:25]} Kf3 {[%clk 0:04:21]} 55. Kd4 {[%clk 0:30:53]} f5
{[%clk 0:04:00]} 56. a5 {[%clk 0:30:20]} Kg4 {[%clk 0:00:41]} 57. a6
{[%clk 0:30:33]} Ba8 {[%clk 0:00:36]} 58. Kc5 {[%clk 0:30:31]} Kf4
{[%clk 0:00:36]} 59. Kb6 {[%clk 0:30:50]} Kg4 {[%clk 0:00:35]} 60. Ka7
{[%clk 0:31:12]} Bd5 {[%clk 0:00:57]} 61. Kb8 {[%clk 0:31:27]} Kh5
{[%clk 0:00:43]} 62. a7 {[%clk 0:31:49]} Kg4 {[%clk 0:01:10]} 63. a8=Q
{[%clk 0:31:54]} Bxa8 {[%clk 0:01:36]} 64. Kxa8 {[%clk 0:32:15]} Kh5
{[%clk 0:02:04]} 65. Kb7 {[%clk 0:32:39]} Kg6 {[%clk 0:02:02]} 66. Kc6
{[%clk 0:33:01]} f4 {[%clk 0:01:29]} 67. Kd5 {[%clk 0:33:07]} Kf5
{[%clk 0:01:45]} 68. Kd4 {[%clk 0:33:29]} Kg4 {[%clk 0:01:08]} 69. Ke4
{[%clk 0:33:33]} f3 {[%clk 0:00:50]} 70. Bf2 {[%clk 0:33:56]} 1-0

[Event "MSRCH16"]
[Site "?"]
[Date "2026.04.15"]
[Round "7.20"]
[White "Zaborsky, Richard"]
[Black "Kostov, Rubin"]
[Result "1-0"]
[BlackElo "1702"]
[WhiteElo "1662"]
[LiveChessVersion "1.4.8"]

1. e4 {[%clk 1:30:49]} c6 {[%clk 1:30:51]} 2. c4 {[%clk 1:31:12]} d5
{[%clk 1:30:26]} 3. exd5 {[%clk 1:31:33]} cxd5 {[%clk 1:30:51]} 4. cxd5
{[%clk 1:31:58]} Qxd5 {[%clk 1:31:16]} 5. Nc3 {[%clk 1:32:18]} Qd8
{[%clk 1:30:42]} 6. d4 {[%clk 1:32:22]} Nf6 {[%clk 1:30:28]} 7. Nf3
{[%clk 1:32:36]} Bf5 {[%clk 1:30:17]} 8. Bb5+ {[%clk 1:30:48]} Nbd7
{[%clk 1:28:07]} 9. Bf4 {[%clk 1:28:17]} a6 {[%clk 1:26:58]} 10. Bxd7+
{[%clk 1:23:12]} Bxd7 {[%clk 1:24:54]} 11. Qb3 {[%clk 1:19:36]} b5
{[%clk 1:13:31]} 12. O-O {[%clk 1:17:37]} e6 {[%clk 1:12:13]} 13. d5
{[%clk 1:13:54]} exd5 {[%clk 1:06:35]} 14. Nxd5 {[%clk 1:00:47]} Nxd5
{[%clk 0:42:07]} 15. Qxd5 {[%clk 1:00:30]} Be6 {[%clk 0:41:03]} 16. Qc6+
{[%clk 0:57:27]} Bd7 {[%clk 0:38:57]} 17. Rfe1+ {[%clk 0:56:51]} Be7
{[%clk 0:37:48]} 18. Rxe7+ {[%clk 0:56:27]} Kxe7 {[%clk 0:36:07]} 19. Bd6+
{[%clk 0:56:37]} Ke6 {[%clk 0:32:25]} 20. Re1+ {[%clk 0:56:45]} 1-0